000 00956nas a2200241 4500
001 BR8804098
003 BR-BrBNA
005 20231205091222.0
007 ta
008 230509b bl.|||p| |||| 00| 00por d
040 _aBR-BrBNA
_bpor
_cBiblioteca Nacional de Agricultura
041 _a(Pt)
072 _aQ04; F60
100 1 _aAlvarez, M.
100 1 _aKusumoto, J.T.
245 1 _aAnalise quantitativa dos glicosideos edulcorantes da Stevia rebaudiana e dos seus produtos de hidrolise atraves da cromatografia liquida de alta performance (HPLC)
246 1 _aQuantitative analysis of glycosidic sweeteners from Stevia rebaudiana and its hydrolysis products by high performance liquid chromatography (HPLC)
650 _aSTEVIA
650 _aCROMATOGRAFIA
773 0 _tArquivos de Biologia e Tecnologia (Brazil)
_xISSN 0365-0979
_g(Jun 1987), v. 30(2) p. 337-348
_wBR8804098
909 _a202311
_bLúcia
_c55
_dLúcia Elande
942 _2AGRIS
_n0
_cANA
999 _c123631
_d123631